| 000 | 00460nam a22001457a 4500 | ||
|---|---|---|---|
| 020 | _z978-969-662-192-8 | ||
| 082 | _a891.4391 IFT | ||
| 100 | _aIftkhar Arif | ||
| 245 |
_ashahr e ilm ke darwaze par/ شہر علم کے دروازے پر _cIftkhar Arif & Editing by Ashfaq Hussain _hUrdu |
||
| 260 |
_aJhelum _bJhelum Book Corner, _c2019. |
||
| 300 |
_a216,p _bHB _c22,cm |
||
| 563 | _aHB | ||
| 650 |
_aIslam - Poetry & Urdu _996552 |
||
| 942 |
_2ddc _cBK |
||
| 999 |
_c590784 _d590784 |
||